000 01789nam0a2200337 4500
001 RU\NLR\bibl\1844374
005 20260405131931.0
010 _a978-5-91327-151-8
_9500
021 _aRU
_b2011-91141
_96522
035 _a(NLR Aleph) 001834813
090 _a2189767
_c2189767
100 _a20111207d2011 |||y0rusy50 ca
101 0 _arus
102 _aRU
105 _ay |||||||||
200 1 _aАмериканский мультикультурализм
_eучебное пособие для студентов высших учебных заведений, обучающихся по специальностям: 030101 - "Философия"; 031401 - "Культурология"; 020300 - "Социология"
_fС.И. Некрасов, Н.А. Некрасова, В.В. Платошина
210 _aМосква
_cАкадемия Естествознания
_d2011
215 _a151 с.
_d20
320 _aБиблиогр.: с. 140-151 (172 назв.)
606 1 _aМультикультурализм
_jУчебные издания для высших учебных заведений
_yСоединенные Штаты Америки
_92428334
_3RU\NLR\auth\661445599
686 _aТ3(7США)5/6-7я73
700 1 _4070
_8rus
_7ca
_aНекрасов
_bС. И.
_cд-р филос. наук
_f1954-
_gСергей Иванович
_3RU\NLR\auth\7734975
_917974
701 1 _4070
_aНекрасова
_bН. А.
_cд-р филос. наук
_f1949-
_gНина Андреевна
_3RU\NLR\auth\7752861
_935794
701 1 _aПлатошина
_bВ. В.
_gВиктория Владимировна
_4070
801 0 _aRU
_bNLR
_c20111207
_gRCR
801 1 _aRU
_bNLR
_c20111207
830 _aавт. по кн.
942 _cBOOK
980 _aNB
980 _aNBR